| 000 | 00477nam a2200181 a 4500 | ||
|---|---|---|---|
| 001 | 1464 | ||
| 003 | CDMR | ||
| 005 | 20131205134219.0 | ||
| 008 | 130130s1969||||||||||||||||||||||||||||d | ||
| 040 |
_aCDMR _bcat _cCDMR |
||
| 100 | 1 |
_aEllul, Jacques _91114 |
|
| 245 | 1 | 0 |
_aHistoria de la propaganda _cJacques Ellul |
| 260 |
_aCaracas _c1969 _bMonte Avila |
||
| 300 |
_a187 p ; _c19 cm |
||
| 490 | 0 | _aEstudios (Monte Avila) | |
| 650 | 0 | 4 |
_93177 _aPropaganda _xHistòria |
| 942 |
_cMON _2udc |
||
| 999 |
_c1464 _d1464 |
||